000 00895nam a22002177a 4500
005 20240530110534.0
008 160328s2013 ua g b 000 0 ara d
017 _a2013/2752
_bمصر . دار الكتب المصرية
020 _a9789773011932
040 _aEG-CaGPL
082 0 4 _221
_a327.56051\
_bع ع
100 0 _aعلى سيد النقر
245 1 2 _aالعرب و القطب الصينى /
_cعلى سيد النقر
260 _aالقاهرة :
_bهبة النيل العربية للنشر و التوزيع ،
_c2013 .
300 _a248 ص ؛
_c24 سم .
504 _aيشتمل على ارجاعات ببليوجرافية
650 0 4 _aالعالم العربى
_xالعلاقات الخارجية
_zالصين
651 0 4 _aالصين
_xالعلاقات الخارجية
_xالعالم العربى
942 _2ddc
_cBK
999 _c62162
_d62162